Το ναυτικό των Καρδαμύλων στον Β' παγκόσμιο πόλεμο : (1939-1945)

Αποθηκεύτηκε σε:
Λεπτομέρειες βιβλιογραφικής εγγραφής
Κύριος συγγραφέας: Φήκαρης, Νικόλαος Ι.
Μορφή: Βιβλίο
Γλώσσα:Greek
Δημοσίευση: Χίος : Άλφα πι, 2002.
Θέματα:
Ετικέτες: Προσθήκη ετικέτας
Δεν υπάρχουν, Καταχωρήστε ετικέτα πρώτοι!

MARC

LEADER 00000cam a2200000 i 4500
001 1/85649
008 051020s2002 gr | ||| ||| ||gre||
020 |a 960826246 
035 |l 10080330 
040 |a GR-MY-UA  |b gre  |e aacr 
041 0 |a gre 
082 0 |a 387.50949582   |2 (22) 
100 1 |a Φήκαρης, Νικόλαος Ι. 
245 1 3 |a Το ναυτικό των Καρδαμύλων στον Β' παγκόσμιο πόλεμο :   |b (1939-1945) /   |c Νικόλαου Ι. Φήκαρη. 
260 |a Χίος :   |b Άλφα πι,   |c 2002. 
300 |a 252 σ. :   |b εικ. ;   |c 22 εκ. 
650 0 0 |a World War, 1939-1945  |z Greece  |z Chios (Municipality) 
650 0 0 |a World War, 1939-1945  |x Naval operations  |z Greece  |z Chios (Municipality) 
650 0 0 |a Merchant marine  |z Greece  |x History  |y 20th century. 
852 |a INST  |b CHIOS  |e 20051020  |h 387.50949582 ΦΗΚ  |p 005200023029  |q 005200023029  |t BK  |y 0 
901 |a BIBL2-2005-3 
909 |a Χ  |b 112101 
970 |a ΧΑΖΙΡΗ  |b ΑΝΝΑ  |z 2005/09/10